| 000 | 00397nam a2200145Ia 4500 | ||
|---|---|---|---|
| 008 | 230917s9999||||xx |||||||||||||| ||und|| | ||
| 040 |
_e84473 _aMAIN |
||
| 041 | _aEnglish | ||
| 082 | _a550 S82E | ||
| 100 | _aStrahler, Arthur N | ||
| 245 | 0 | _aEnvironmental geoscience: introducatin between natural systems and man | |
| 260 |
_aNew York _bJohn Wiley _c1973 |
||
| 300 | _aix, i-23 p. | ||
| 942 | _cBK | ||
| 999 |
_c59471 _d59471 |
||